000 00525cam a22002051 4500
001 sa 68013066
003 DLC
005 20260227112619.0
008 890324s1964 io 000 0 ind
010 _asa 68013066
035 _a(OCoLC)23569871
040 _aDLC
_cMiU
_dDLC
042 _apremarc
050 0 0 _aPL719
_b.N56
100 1 _aNio, Joe Lan,
_d1904-1973.
245 1 0 _aSastera Djepang sekilas mata.
260 _aDjakarta,
_bGunung Agung,
_c1964.
300 _a221 p.
_c21 cm.
650 0 _aJapanese literature.
999 _c84925
_d84925